[Event "Maharashtra op 3rd"]
[Site "Hadapsar"]
[Date "2025.04.25"]
[Round "7"]
[White "Venkatesh, Marani Rajendran"]
[Black "Utsab, Chatterjee"]
[Result "1/2-1/2"]
[WhiteElo "2355"]
[BlackElo "2299"]
[PlyCount "61"]
[EventDate "2025.04.20"]
[EventType "swiss"]
[EventRounds "10"]
[EventCountry "IND"]
[SourceTitle "CB18_2025"]
[SourceDate "2025.04.30"]
[SourceVersion "1"]
[SourceVersionDate "2025.04.30"]
[SourceQuality "1"]

1. e4 d5 2. exd5 Qxd5 3. Nc3 Qa5 4. d4 Nf6 5. Nf3 Bf5 6. Bc4 e6 7. Bd2 Bb4 8. Qe2 0-0 9. a3 Nc6 10. 0-0 Bxc3 11. Bxc3 Qb6 12. b4 Be4 13. Rad1 Rad8 14. Bb3 a5 15. Ne5 axb4 16. axb4 Nd5 17. Bxd5 Bxd5 18. Qe3 Nxe5 19. dxe5 Qxe3 20. fxe3 Be4 21. Bd4 b5 22. Ra1 Ra8 23. Rfc1 Rxa1 24. Rxa1 Ra8 25. Rxa8+ Bxa8 26. Kf2 Be4 27. c3 g5 28. g4 h6 29. Kg3 Kg7 30. h4 c6 31. hxg5 1/2-1/2

[Event "Maharashtra op 3rd"]
[Site "Hadapsar"]
[Date "2025.04.22"]
[Round "4"]
[White "Petrosyan, Manuel"]
[Black "Venkatesh, Marani Rajendran"]
[Result "1/2-1/2"]
[WhiteElo "2544"]
[BlackElo "2355"]
[PlyCount "34"]
[EventDate "2025.04.20"]
[EventType "swiss"]
[EventRounds "10"]
[EventCountry "IND"]
[SourceTitle "CB18_2025"]
[SourceDate "2025.04.30"]
[SourceVersion "1"]
[SourceVersionDate "2025.04.30"]
[SourceQuality "1"]

1. d4 Nf6 2. c4 e6 3. Nf3 Bb4+ 4. Bd2 Qe7 5. g3 Nc6 6. b3 e5 7. d5 e4 8. Nh4 e3 9. fxe3 Bxd2+ 10. Nxd2 Ng4 11. dxc6 Qxe3 12. Ndf3 Qc3+ 13. Nd2 Qe3 14. Ndf3 Qc3+ 15. Nd2 Qe3 16. Ndf3 Qc3+ 17. Nd2 Qe3 1/2-1/2

[Event "Bengaluru Namma op 2nd"]
[Site "Bengaluru"]
[Date "2025.04.15"]
[Round "7"]
[White "Venkatesh, Marani Rajendran"]
[Black "Daksh, Goyal"]
[Result "1-0"]
[WhiteElo "2355"]
[BlackElo "2051"]
[PlyCount "107"]
[EventDate "2025.04.10"]
[EventType "swiss"]
[EventRounds "10"]
[EventCountry "IND"]
[SourceTitle "CB18_2025"]
[SourceDate "2025.04.30"]
[SourceVersion "1"]
[SourceVersionDate "2025.04.30"]
[SourceQuality "1"]

1. e4 e6 2. d3 d5 3. Nd2 c5 4. Ngf3 g6 5. g3 Bg7 6. Bg2 Nc6 7. 0-0 Nge7 8. Re1 0-0 9. e5 Qc7 10. Qe2 Bd7 11. Nf1 Nd4 12. Nxd4 cxd4 13. Bf4 Rfc8 14. Rac1 Qb6 15. c4 dxc4 16. dxc4 Bc6 17. h4 h6 18. Nh2 Bxg2 19. Kxg2 Nf5 20. Nf3 d3 21. Qxd3 Qxb2 22. g4 Ne7 23. Qe4 Rab8 24. Red1 Rc7 25. Rc2 Qb6 26. Rd6 Qb1 27. Qe2 Qb4 28. Qd3 Rbc8 29. Rd8+ Kh7 30. Rxc8 Rxc8 31. Kg3 Qa4 32. h5 b5 33. c5 Nd5 34. Bd2 Kh8 35. hxg6 fxg6 36. Qxg6 Ne7 37. Qd3 h5 38. gxh5 Rg8 39. Kg2 Qg4+ 40. Kf1 Rf8 41. Rc3 Qh3+ 42. Ke2 Nc6 43. Qe4 b4 44. Rd3 Ne7 45. Qh7+ Kxh7 46. Ng5+ Kh8 47. Rxh3 Bxe5 48. Nxe6 Rf6 49. Ng5 Nd5 50. Rf3 Bf4 51. Bxf4 Nxf4+ 52. Ke3 Ng2+ 53. Ke4 Ra6 54. h6 1-0

[Event "Chennai op 15th"]
[Site "Chennai"]
[Date "2025.01.09"]
[Round "10"]
[White "Venkatesh, Marani Rajendran"]
[Black "Vaz, Ethan"]
[Result "1-0"]
[WhiteElo "2362"]
[BlackElo "2412"]
[PlyCount "91"]
[EventDate "2025.01.02"]
[EventType "swiss"]
[EventRounds "10"]
[EventCountry "IND"]
[SourceTitle "CB03_2025"]
[SourceDate "2025.01.15"]
[SourceVersion "1"]
[SourceVersionDate "2025.01.15"]
[SourceQuality "1"]

1. e4 c5 2. c3 d5 3. exd5 Qxd5 4. d4 Nf6 5. Nf3 e6 6. Na3 a6 7. Nc4 Nbd7 8. Be2 b5 9. Na5 Be7 10. 0-0 Bd8 11. Nd2 Qd6 12. Bf3 Bc7 13. g3 Rb8 14. Ndb3 Nd5 15. dxc5 Nxc5 16. Bxd5 Qxd5 17. Qxd5 exd5 18. Nxc5 Bxa5 19. Bf4 Ra8 20. Rfe1+ Be6 21. Nxe6 fxe6 22. Rxe6+ Kf7 23. Re5 Rhd8 24. Rd1 Bc7 25. Rexd5 Rxd5 26. Rxd5 Bxf4 27. Rf5+ Ke6 28. Rxf4 Rd8 29. a4 g5 30. Rb4 bxa4 31. Rxa4 Rd6 32. h4 h6 33. hxg5 hxg5 34. Kg2 Kf5 35. Ra5+ Kf6 36. Kf3 Rb6 37. Kg4 Rxb2 38. Rxa6+ Kg7 39. f3 Rb5 40. Rc6 Rd5 41. c4 Re5 42. Rd6 Rc5 43. Rd5 Rxc4+ 44. Kxg5 Rc3 45. Rd7+ Kf8 46. Kg4 1-0

[Event "Chennai op 15th"]
[Site "Chennai"]
[Date "2025.01.08"]
[Round "9"]
[White "Das, Sayantan"]
[Black "Venkatesh, Marani Rajendran"]
[Result "0-1"]
[WhiteElo "2434"]
[BlackElo "2362"]
[PlyCount "92"]
[EventDate "2025.01.02"]
[EventType "swiss"]
[EventRounds "10"]
[EventCountry "IND"]
[SourceTitle "CB03_2025"]
[SourceDate "2025.01.15"]
[SourceVersion "1"]
[SourceVersionDate "2025.01.15"]
[SourceQuality "1"]

1. e4 e5 2. Nf3 Nc6 3. Bb5 a6 4. Ba4 d6 5. c4 Bg4 6. d3 Nf6 7. Be3 g6 8. h3 Bxf3 9. Qxf3 Bg7 10. Nc3 0-0 11. Bxc6 bxc6 12. g4 Rb8 13. 0-0-0 Nd7 14. h4 h6 15. Ne2 d5 16. Ng3 Qe7 17. Qe2 d4 18. Bd2 Nc5 19. Kc2 Na4 20. Rb1 Rb7 21. Qe1 a5 22. Ne2 Nxb2 23. Rxb2 Rxb2+ 24. Kxb2 Rb8+ 25. Ka1 Qa3 26. Qc1 Qxd3 27. Ng3 Bf8 28. c5 Rb5 29. Rd1 Rxc5 30. Qb1 Qf3 31. Qb3 Qxg4 32. Rh1 Rb5 33. Qd3 h5 34. Rc1 Bb4 35. Bxb4 Rxb4 36. Rxc6 Qf4 37. Rc2 c5 38. Qd2 c4 39. Qxf4 exf4 40. Nf1 c3 41. f3 Kg7 42. a3 Rc4 43. Kb1 d3 44. Rg2 Kf6 45. Rg5 d2 46. Kc2 Rd4 0-1

[Event "Bhubaneswar Odisha op"]
[Site "Bhubaneswar"]
[Date "2024.12.19"]
[Round "6"]
[White "Dinesh, Rajan M"]
[Black "Venkatesh, Marani Rajendran"]
[Result "0-1"]
[WhiteElo "2243"]
[BlackElo "2365"]
[PlyCount "80"]
[EventDate "2024.12.15"]
[EventType "swiss"]
[EventRounds "10"]
[EventCountry "IND"]
[SourceTitle "CB52_2024"]
[SourceDate "2024.12.25"]
[SourceVersion "1"]
[SourceVersionDate "2024.12.25"]
[SourceQuality "1"]

1. e4 c5 2. Nc3 Nc6 3. Nge2 d6 4. d4 cxd4 5. Nxd4 Nf6 6. Bc4 e6 7. Be3 a6 8. Bb3 Be7 9. Qe2 Na5 10. 0-0-0 Qc7 11. f4 b5 12. a3 Bb7 13. Bf2 Nxb3+ 14. Nxb3 0-0 15. Rhe1 Rac8 16. Kb1 Qb8 17. Rd3 Rfe8 18. Bd4 e5 19. Bf2 exf4 20. Qd2 Rxc3 21. Qxc3 Nxe4 22. Qd4 Bf6 23. Qb6 Nxf2 24. Rxe8+ Qxe8 25. Qxf2 Qe5 26. Nd4 g5 27. g3 f3 28. g4 Be4 29. Rd1 a5 30. Ka1 b4 31. c3 Qc5 32. Qe3 d5 33. Ka2 bxa3 34. bxa3 Qc4+ 35. Ka1 h6 36. Qd2 Qa4 37. Kb2 f2 38. Qe2 Qxd1 39. Qxd1 Bg2 40. Qe2 Bxd4 0-1

[Event "Bhubaneswar Odisha op"]
[Site "Bhubaneswar"]
[Date "2024.12.19"]
[Round "7"]
[White "Venkatesh, Marani Rajendran"]
[Black "Iniyan, Panneerseluam"]
[Result "1/2-1/2"]
[WhiteElo "2365"]
[BlackElo "2513"]
[PlyCount "134"]
[EventDate "2024.12.15"]
[EventType "swiss"]
[EventRounds "10"]
[EventCountry "IND"]
[SourceTitle "CB52_2024"]
[SourceDate "2024.12.25"]
[SourceVersion "1"]
[SourceVersionDate "2024.12.25"]
[SourceQuality "1"]

1. Nf3 d5 2. g3 Nf6 3. Bg2 c5 4. 0-0 e6 5. c4 d4 6. e3 Nc6 7. exd4 cxd4 8. d3 Bd6 9. Na3 0-0 10. Nc2 e5 11. Rb1 a5 12. a3 a4 13. b4 axb3 14. Rxb3 Nd7 15. Nb4 Nc5 16. Rb1 h6 17. Ne1 Qe8 18. Nd5 Bf5 19. Bxh6 Rxa3 20. Qc1 Ne6 21. Rxb7 Qd8 22. Bd2 Ra2 23. Rb6 Ne7 24. Rb5 Nxd5 25. Rxd5 Qc7 26. f4 Bg4 27. c5 Bxc5 28. Rf2 Ba3 29. Qxc7 Nxc7 30. Rxe5 f6 31. Ra5 Rxd2 32. Rxd2 Bb4 33. Raa2 Re8 34. Kf2 g5 35. fxg5 fxg5 36. Be4 Bxd2 37. Rxd2 Nb5 38. Nf3 Rf8 39. Kg2 Bxf3+ 40. Bxf3 Nd6 41. g4 Re8 42. Rc2 Re3 43. Rc6 Ne8 44. Be4 Kf7 45. Bg6+ Ke7 46. Rc4 Ng7 47. Rxd4 Kf6 48. Be4 Ne6 49. Rd6 Ke7 50. Rb6 Nf4+ 51. Kf2 Re2+ 52. Kf3 Rxh2 53. Ke3 Rh3+ 54. Kd4 Rg3 55. Rb7+ Kf6 56. Rb6+ Ke7 57. Bf5 Nxd3 58. Bxd3 Rxg4+ 59. Be4 Rg1 60. Ke5 Re1 61. Rg6 g4 62. Rxg4 Re2 63. Rg7+ Ke8 64. Ra7 Re1 65. Kf5 Kd8 66. Bd5 Re7 67. Rxe7 Kxe7 1/2-1/2

[Event "Bhubaneswar Odisha op"]
[Site "Bhubaneswar"]
[Date "2024.12.17"]
[Round "4"]
[White "Venkatesh, Marani Rajendran"]
[Black "Shyam, Nikil P"]
[Result "1/2-1/2"]
[WhiteElo "2365"]
[BlackElo "2445"]
[PlyCount "91"]
[EventDate "2024.12.15"]
[EventType "swiss"]
[EventRounds "10"]
[EventCountry "IND"]
[SourceTitle "CB52_2024"]
[SourceDate "2024.12.25"]
[SourceVersion "1"]
[SourceVersionDate "2024.12.25"]
[SourceQuality "1"]

1. e4 c5 2. Nf3 d6 3. Bb5+ Nd7 4. d4 a6 5. Bxd7+ Qxd7 6. Nc3 e6 7. a4 Nf6 8. a5 cxd4 9. Qxd4 Be7 10. 0-0 Qc7 11. Rd1 h6 12. e5 dxe5 13. Qxe5 Qxe5 14. Nxe5 Bd7 15. Be3 Rc8 16. Rd3 Bc6 17. h3 Nd7 18. Nxd7 Bxd7 19. Rad1 Bc6 20. Bb6 0-0 21. f3 Rfe8 22. b3 f5 23. Ne2 e5 24. c4 e4 25. Re3 f4 26. Nxf4 Bg5 27. g3 exf3 28. Rxe8+ Rxe8 29. Nd5 Re2 30. Kf1 Bd2 31. Ne7+ Kf7 32. Nxc6 bxc6 33. b4 Bxb4 34. Rd7+ Re7 35. Rxe7+ Kxe7 36. Kf2 Kd6 37. Kxf3 Bc5 38. Ke4 Bxb6 39. axb6 c5 40. b7 Kc7 41. Kd5 Kxb7 42. Kxc5 Kc7 43. Kd5 Kd7 44. Kc5 Kc7 45. Kd5 Kd7 46. Ke4 1/2-1/2

[Event "Vijayawad op"]
[Site "Vijayawad"]
[Date "2024.10.25"]
[Round "7"]
[White "Marthandan, KU."]
[Black "Venkatesh, Marani Rajendran"]
[Result "1/2-1/2"]
[WhiteElo "1982"]
[BlackElo "2365"]
[PlyCount "66"]
[EventDate "2024.10.22"]
[EventType "swiss"]
[EventRounds "9"]
[EventCountry "IND"]
[SourceTitle "CB16_2025"]
[SourceDate "2025.04.16"]
[SourceVersion "1"]
[SourceVersionDate "2025.04.16"]
[SourceQuality "1"]

1. Nf3 Nf6 2. e3 c5 3. b3 Nc6 4. Bb2 g6 5. Bb5 Bg7 6. 0-0 0-0 7. Bxc6 bxc6 8. d3 d6 9. d4 Ne4 10. c4 Bg4 11. h3 Bxf3 12. Qxf3 d5 13. Rd1 cxd4 14. Bxd4 e5 15. Bb2 Ng5 16. Qe2 d4 17. b4 Qb6 18. exd4 exd4 19. Qd2 Ne4 20. Qd3 Rfe8 21. a3 c5 22. Re1 Nxf2 23. Kxf2 Re3 24. Qf1 Rb3 25. Ra2 cxb4 26. Kg1 d3+ 27. Qf2 Bxb2 28. c5 Qd8 29. Rxb2 Rxb2 30. Qxb2 bxa3 31. Qc3 a2 32. Nd2 Rb8 33. c6 Qb6+ 1/2-1/2

[Event "Vijayawad op"]
[Site "Vijayawad"]
[Date "2024.10.23"]
[Round "4"]
[White "Rao J, Malleswara"]
[Black "Venkatesh, Marani Rajendran"]
[Result "0-1"]
[WhiteElo "1862"]
[BlackElo "2365"]
[PlyCount "70"]
[EventDate "2024.10.22"]
[EventType "swiss"]
[EventRounds "9"]
[EventCountry "IND"]
[SourceTitle "CB16_2025"]
[SourceDate "2025.04.16"]
[SourceVersion "1"]
[SourceVersionDate "2025.04.16"]
[SourceQuality "1"]

1. e4 e5 2. Nf3 Nc6 3. Bb5 a6 4. Ba4 Nf6 5. Bxc6 dxc6 6. d3 Nd7 7. Nbd2 b5 8. Nb3 Qf6 9. Be3 Bd6 10. a4 0-0 11. 0-0 Re8 12. axb5 cxb5 13. c4 bxc4 14. dxc4 Rb8 15. c5 Be7 16. Qc2 Nf8 17. Na5 Ng6 18. Bg5 Qe6 19. Bxe7 Rxe7 20. g3 Qf6 21. Ra3 Bh3 22. Rd1 h6 23. Rdd3 Rb5 24. Nd2 Re8 25. c6 Ne7 26. Rdc3 Reb8 27. b3 Rb4 28. Ndc4 Nxc6 29. Nxc6 Qxc6 30. Nd2 Qb5 31. Qd3 Rd4 32. Qxb5 axb5 33. Rc2 Rbd8 34. Raa2 Rxe4 35. f4 Re2 0-1

[Event "Vijayawad op"]
[Site "Vijayawad"]
[Date "2024.10.22"]
[Round "2"]
[White "Shivamshika, G."]
[Black "Venkatesh, Marani Rajendran"]
[Result "0-1"]
[WhiteElo "1720"]
[BlackElo "2365"]
[PlyCount "50"]
[EventDate "2024.10.22"]
[EventType "swiss"]
[EventRounds "9"]
[EventCountry "IND"]
[SourceTitle "CB16_2025"]
[SourceDate "2025.04.16"]
[SourceVersion "1"]
[SourceVersionDate "2025.04.16"]
[SourceQuality "1"]

1. d4 Nf6 2. c4 e6 3. Nc3 Bb4 4. f3 d5 5. a3 Bxc3+ 6. bxc3 c5 7. cxd5 Nxd5 8. dxc5 Qa5 9. e4 Nf6 10. Be3 0-0 11. Qb3 Nfd7 12. Bb5 Na6 13. Bxa6 Qxa6 14. Ne2 Ne5 15. Rd1 Bd7 16. Qb1 Bb5 17. Nd4 Nd3+ 18. Kd2 Bc4 19. h4 Rfd8 20. h5 h6 21. f4 Nxc5 22. e5 Be2 23. Rde1 Bd3 24. Qb4 Ne4+ 25. Kd1 Rac8 0-1

[Event "IND-ch 61st"]
[Site "Gurugram"]
[Date "2024.08.23"]
[Round "7"]
[White "Venkatesh, Marani Rajendran"]
[Black "Gusain, Himal"]
[Result "0-1"]
[WhiteElo "2387"]
[BlackElo "2511"]
[PlyCount "62"]
[EventDate "2024.08.17"]
[EventType "swiss"]
[EventRounds "11"]
[EventCountry "IND"]
[SourceTitle "EXT 2025"]
[Source "ChessBase"]
[SourceDate "2024.10.14"]
[SourceVersion "1"]
[SourceVersionDate "2024.10.14"]
[SourceQuality "1"]

1. e4 e6 2. d4 d5 3. Nd2 c5 4. Ngf3 cxd4 5. Nxd4 Nc6 6. Bb5 Bd7 7. Nxc6 bxc6 8. Bd3 Qc7 9. Qe2 Ne7 10. Nf3 Ng6 11. 0-0 Be7 12. c4 dxe4 13. Bxe4 f5 14. Bc2 0-0 15. Ng5 Rf6 16. f4 Re8 17. Kh1 h6 18. Nh3 c5 19. Bd2 Bc6 20. Ng1 Nh4 21. Nf3 Rg6 22. Nxh4 Bxh4 23. Rg1 Bf6 24. Rab1 Bd4 25. Be3 Bxe3 26. Qxe3 e5 27. Qh3 exf4 28. Qxf5 Rg5 29. Qh7+ Kf7 30. h4 Re3 31. Bf5 Rgg3 0-1

[Event "IND-ch 61st"]
[Site "Gurugram"]
[Date "2024.08.20"]
[Round "4"]
[White "Venkatesh, Marani Rajendran"]
[Black "Iniyan, Panneerseluam"]
[Result "1-0"]
[WhiteElo "2387"]
[BlackElo "2547"]
[PlyCount "63"]
[EventDate "2024.08.17"]
[EventType "swiss"]
[EventRounds "11"]
[EventCountry "IND"]
[SourceTitle "EXT 2025"]
[Source "ChessBase"]
[SourceDate "2024.10.14"]
[SourceVersion "1"]
[SourceVersionDate "2024.10.14"]
[SourceQuality "1"]

1. e4 c5 2. c3 d5 3. exd5 Qxd5 4. d4 g6 5. Nf3 Bg7 6. Nbd2 cxd4 7. Bc4 Qd8 8. Nxd4 Nf6 9. 0-0 0-0 10. N2f3 Ne4 11. Re1 Nd6 12. Bb3 Na6 13. Bg5 Re8 14. Rxe7 Rxe7 15. Nb5 Qb6 16. Nxd6 Rd7 17. Bxf7+ Rxf7 18. Qd5 Be6 19. Qxe6 Raf8 20. Be7 Nc7 21. Qe2 Rxe7 22. Qxe7 Qxb2 23. Rf1 Qxc3 24. h4 Qc6 25. Ng5 h6 26. Nge4 b5 27. Rd1 a5 28. Rd3 Ne8 29. Qe6+ Kh7 30. h5 gxh5 31. Rg3 Nxd6 32. Qg6+ 1-0

[Event "Titled Tuesday intern op 23rd Apr Early"]
[Site "Chess.com INT"]
[Date "2024.04.23"]
[Round "1"]
[White "Kilic, Eray"]
[Black "Venkatesh, Marani Rajendran"]
[Result "1-0"]
[WhiteElo "2429"]
[BlackElo "2382"]
[PlyCount "87"]
[EventDate "2024.04.23"]
[EventType "swiss (blitz)"]
[EventRounds "11"]
[EventCountry "USA"]
[SourceTitle "EXT 2025"]
[Source "ChessBase"]
[SourceDate "2024.10.14"]
[SourceVersion "1"]
[SourceVersionDate "2024.10.14"]
[SourceQuality "1"]

1. e4 e5 2. Nf3 Nc6 3. Nc3 Nf6 4. h3 g6 5. Bc4 Bg7 6. d3 d6 7. a4 h6 8. 0-0 0-0 9. Be3 Kh7 10. Qd2 Na5 11. Ba2 c5 12. Nh2 Nc6 13. f4 exf4 14. Bxf4 Nh5 15. Be3 Ne5 16. Nd5 f5 17. exf5 gxf5 18. Nf4 Nxf4 19. Bxf4 Ng6 20. c3 Bd7 21. Bxd6 Rf6 22. Bxc5 Bxa4 23. Bd4 Rf8 24. Bxg7 Kxg7 25. Nf3 f4 26. Nd4 Kh7 27. Ne6 Qb6+ 28. Qf2 Qxf2+ 29. Rxf2 Rf6 30. Bd5 Bc6 31. Bxc6 bxc6 32. Nc5 h5 33. d4 Nh4 34. Kh2 Rg8 35. Rxa7+ Kh6 36. Re7 Rgg6 37. Nd3 f3 38. g3 Nf5 39. Re5 Nxg3 40. Ne1 Rf7 41. Nxf3 h4 42. Re8 Rgf6 43. Rh8+ Kg7 44. Rxh4 1-0

[Event "Titled Tuesday intern op 23rd Apr Early"]
[Site "Chess.com INT"]
[Date "2024.04.23"]
[Round "8"]
[White "Venkatesh, Marani Rajendran"]
[Black "Shandrygin, Nikita"]
[Result "0-1"]
[WhiteElo "2382"]
[BlackElo "2209"]
[PlyCount "70"]
[EventDate "2024.04.23"]
[EventType "swiss (blitz)"]
[EventRounds "11"]
[EventCountry "USA"]
[SourceTitle "EXT 2025"]
[Source "ChessBase"]
[SourceDate "2024.10.14"]
[SourceVersion "1"]
[SourceVersionDate "2024.10.14"]
[SourceQuality "1"]

1. e4 c5 2. Nc3 e6 3. Nge2 Nc6 4. g3 d5 5. d3 Nf6 6. Bg2 Be7 7. 0-0 0-0 8. f4 dxe4 9. Nxe4 Nd5 10. Kh1 Qc7 11. g4 Rd8 12. N2g3 f5 13. gxf5 exf5 14. Ng5 Bxg5 15. fxg5 g6 16. c3 Be6 17. Re1 Bf7 18. Qf3 Rd7 19. Bd2 Rad8 20. d4 cxd4 21. c4 Ndb4 22. Bf4 Qb6 23. Rec1 d3 24. Be3 Qa6 25. b3 d2 26. Rd1 Nc2 27. Rab1 Ne5 28. Qe2 Nxe3 29. Qxe3 Ng4 30. Qf4 Qb6 31. Ne4 fxe4 32. Qxg4 e3 33. Rf1 Qd4 34. Qf3 Qe5 35. h4 e2 0-1